000 00939cam a22003013a 4500
001 1450
003 PGUSA
005 20140828083001.0
008 980901s1998||||xxu|||||s|||||000 1 eng d
040 _aPGUSA
_beng
042 _adc
050 4 _aPS
050 4 _aPZ
100 1 _aPorter, Eleanor H.
_q(Eleanor Hodgman),
_d1868-1920
245 1 0 _aPollyanna
_h[electronic resource] /
_cEleanor H. Porter
260 _bProject Gutenberg,
_c1998
506 _aPublic domain in the USA.
516 _aElectronic text
653 _aVermont -- History -- 20th century -- Juvenile fiction
653 _aCheerfulness -- Juvenile fiction
653 _aConduct of life -- Juvenile fiction
653 _aInterpersonal relations -- Juvenile fiction
653 _aAunts -- Juvenile fiction
653 _aOrphans -- Juvenile fiction
830 0 _aProject Gutenberg
_v1450
856 4 0 _uhttp://www.gutenberg.org/ebooks/1450
942 _cEB
999 _c230798
_d230798